000 00879nam a2200229Ia 4500
003 Ost
005 20260507074958.0
008 260507s9999||||xx |||||||||||||| ||und||
020 _a9953369321
040 _cfsecg
041 _aara
082 _a338.9
100 _aالقصيبي، غازي بن عبد الرحمن
_eمؤلف
245 0 _aالتنمية :
_bالأسئلة الكبرى /
_c غازي بن عبد الرحمن القصيبي
250 _aطبعة 3
260 _aبيروت:
_bدار الفارس للنشر والتوزيع,
_c2006
300 _a133 صفحة؛
_c22 سم
504 _aببليوغرافيا:ص.127-134
520 _aالتنمية،لماذا؟-التنمية،لمن؟-التنمية،ماذا؟-التنمية،كيف-التنمية المفتاح السري
653 _aالتنمية الاقتصادية
942 _cكتاب
999 _c42043
_d42043